[Event "Madrid-ch Previa-A"]
[Site "Madrid"]
[Date "2019.02.12"]
[Round "5"]
[White "Cano Mercado, Francisco Manuel"]
[Black "Corral Aragon, Juan Maria"]
[Result "1-0"]
[WhiteElo "1739"]
[BlackElo "1789"]
[PlyCount "137"]
[EventDate "2019.02.04"]
[EventType "swiss"]
[EventRounds "9"]
[EventCountry "ESP"]
[SourceTitle "EXT 2021"]
[Source "ChessBase"]
[SourceDate "2020.10.23"]
[SourceVersion "1"]
[SourceVersionDate "2020.10.23"]
[SourceQuality "1"]

1. d4 d5 2. Bf4 Bf5 3. e3 e6 4. Nd2 Bd6 5. Bg3 h5 6. Ngf3 h4 7. Be5 f6 8. Bxd6 Qxd6 9. c4 c6 10. Qb3 Qc7 11. Rc1 Qb6 12. cxd5 exd5 13. Qa3 Nd7 14. h3 a5 15. Be2 Qb4 16. 0-0 Qxa3 17. bxa3 a4 18. Rc3 Ne7 19. Rfc1 g5 20. Ne1 Kf7 21. Nd3 Rag8 22. f3 Be6 23. e4 f5 24. Rf1 Ke8 25. Nf2 dxe4 26. fxe4 g4 27. exf5 Bxf5 28. Bxg4 Bxg4 29. Nxg4 Nd5 30. Rcf3 Rg6 31. Re1+ Kd8 32. Rf7 Rhg8 33. Nf3 N7f6 34. Nfe5 Rxg4 35. hxg4 Nxg4 36. Rxb7 Kc8 37. Ra7 Rg5 38. Rf1 Ngf6 39. Rf7 h3 40. R7xf6 Rxg2+ 41. Kh1 Nxf6 42. Rxf6 Rxa2 43. Rxc6+ Kb7 44. Rc3 Rd2 45. Rc4 h2 46. Rxa4 Kc7 47. Ng4 Kd6 48. Nxh2 Kd5 49. Nf3 Rd3 50. Kg2 Ke4 51. Ra8 Rc3 52. a4 Kf4 53. Rf8+ Ke4 54. a5 Ra3 55. Ra8 Kf4 56. Ne5 Ra2+ 57. Kf1 Ke3 58. Nc6 Rf2+ 59. Kg1 Rf6 60. Rc8 Rg6+ 61. Kh2 Kf2 62. Kh3 Rg3+ 63. Kh4 Ra3 64. Kg5 Ke3 65. Kf5 Ra1 66. Ke6 Ke4 67. Kd6 Rh1 68. Re8+ Kd3 69. a6 1-0

[Event "Madrid San Viator op-A 30th"]
[Site "Madrid"]
[Date "2018.06.03"]
[Round "8"]
[White "Sanchez Gomez, Emiliano"]
[Black "Cano Mercado, Francisco Manuel"]
[Result "1/2-1/2"]
[WhiteElo "1742"]
[BlackElo "1824"]
[PlyCount "85"]
[EventDate "2018.04.08"]
[EventType "swiss"]
[EventRounds "9"]
[EventCountry "ESP"]
[SourceTitle "EXT 2019"]
[Source "ChessBase"]
[SourceDate "2018.10.10"]
[SourceVersion "1"]
[SourceVersionDate "2018.10.10"]
[SourceQuality "1"]

1. e4 e6 2. d4 d5 3. e5 c5 4. c3 Qb6 5. Nf3 Nc6 6. Bd3 Bd7 7. dxc5 Bxc5 8. 0-0 Nh6 9. Qe2 Be7 10. Bf4 Nf5 11. h3 h6 12. b4 g5 13. Bh2 h5 14. b5 Na5 15. Bxf5 exf5 16. Nd4 Be6 17. Qd3 f4 18. Nf5 Nc4 19. Ng7+ Kf8 20. Nxe6+ Qxe6 21. Re1 Bc5 22. Nd2 Kg7 23. Nf3 Kh6 24. h4 gxh4 25. Bxf4+ Kg7 26. Nxh4 Rhg8 27. Nf5+ Kh8 28. Qf3 Qg6 29. Nd4 Qg4 30. Qxg4 Rxg4 31. g3 Rag8 32. Kh2 h4 33. a4 Nb2 34. Re3 Nc4 35. Rf3 R8g7 36. Kg2 hxg3 37. fxg3 R7g6 38. Rh1+ Kg8 39. Re1 Bxd4 40. cxd4 Kf8 41. Ref1 Ke8 42. Rh1 Nb6 43. Ra1 1/2-1/2

[Event "Madrid San Viator op-A 30th"]
[Site "Madrid"]
[Date "2018.05.27"]
[Round "7"]
[White "Cano Mercado, Francisco Manuel"]
[Black "Tenorio Garcia, Joel"]
[Result "1/2-1/2"]
[WhiteElo "1824"]
[BlackElo "1593"]
[PlyCount "52"]
[EventDate "2018.04.08"]
[EventType "swiss"]
[EventRounds "9"]
[EventCountry "ESP"]
[SourceTitle "EXT 2019"]
[Source "ChessBase"]
[SourceDate "2018.10.10"]
[SourceVersion "1"]
[SourceVersionDate "2018.10.10"]
[SourceQuality "1"]

1. d4 Nf6 2. Bf4 g6 3. e3 Bg7 4. Nd2 d6 5. h3 c5 6. c3 Be6 7. Ngf3 Nc6 8. Be2 Rc8 9. 0-0 cxd4 10. exd4 Qb6 11. Ng5 Qxb2 12. Nxe6 fxe6 13. Bxd6 Bh6 14. Nc4 Qxc3 15. Be5 Nxe5 16. dxe5 Nd5 17. Qa4+ Kf7 18. Ne3 Qxe5 19. Ng4 Qxe2 20. Nxh6+ Kg7 21. Ng4 h5 22. Qd4+ Kh7 23. Ne5 Rhf8 24. Rae1 Qc2 25. Qxa7 Ra8 26. Qd4 Ra4 1/2-1/2

[Event "Madrid San Viator op-A 30th"]
[Site "Madrid"]
[Date "2018.04.08"]
[Round "1"]
[White "Cano Mercado, Francisco Manuel"]
[Black "Robles Diaz, Jose Alberto"]
[Result "1-0"]
[WhiteElo "1824"]
[BlackElo "2086"]
[PlyCount "121"]
[EventDate "2018.04.08"]
[EventType "swiss"]
[EventRounds "9"]
[EventCountry "ESP"]
[SourceTitle "EXT 2019"]
[Source "ChessBase"]
[SourceDate "2018.10.10"]
[SourceVersion "1"]
[SourceVersionDate "2018.10.10"]
[SourceQuality "1"]

1. d4 Nf6 2. Bf4 e6 3. e3 c5 4. c3 Nc6 5. Nf3 Be7 6. h3 b6 7. Nbd2 0-0 8. Bd3 Bb7 9. 0-0 d6 10. Qe2 Rc8 11. Bh2 h6 12. Rac1 Qd7 13. Rfe1 Rc7 14. dxc5 bxc5 15. Bb5 a6 16. Ba4 Nd4 17. Bxd7 Nxe2+ 18. Rxe2 Rxd7 19. e4 e5 20. c4 a5 21. Ne1 Re8 22. Nd3 Bf8 23. f3 g6 24. Nf1 h5 25. Rd1 Ba6 26. Rc2 Rb7 27. Bg3 a4 28. Bh4 Nd7 29. Ne3 Nb6 30. b3 Bh6 31. Bf2 Bxe3 32. Bxe3 Rbb8 33. Nb2 axb3 34. axb3 Nc8 35. Rc3 Re7 36. Bg5 Reb7 37. Ra1 Rb6 38. Bd8 Rxb3 39. Rxb3 Rxb3 40. Rxa6 Rxb2 41. Ra8 Nb6 42. Bxb6+ Kg7 43. Bc7 Rd2 44. Ra6 Rd4 45. Bxd6 f6 46. Ra7+ Kg8 47. Bxc5 Rxc4 48. Be7 Rc6 49. h4 Re6 50. Kf2 Rc6 51. Rd7 Re6 52. Bd6 Re8 53. Ke3 Ra8 54. Bc5 Rc8 55. Bb6 Rc3+ 56. Ke2 Rc2+ 57. Rd2 Rc6 58. Be3 Kf7 59. Rd7+ Kg8 60. Bh6 f5 61. Be3 1-0

[Event "Madrid-ch Previa-B"]
[Site "Madrid"]
[Date "2018.02.17"]
[Round "7"]
[White "Cano Mercado, Francisco Manuel"]
[Black "Marquez Leon, Juan Antonio"]
[Result "0-1"]
[WhiteElo "1819"]
[BlackElo "1740"]
[PlyCount "118"]
[EventDate "2018.02.01"]
[EventType "swiss"]
[EventRounds "9"]
[EventCountry "ESP"]
[SourceTitle "EXT 2020"]
[Source "ChessBase"]
[SourceDate "2019.10.17"]
[SourceVersion "1"]
[SourceVersionDate "2019.10.17"]
[SourceQuality "1"]

1. d4 d5 2. Nf3 Nf6 3. Bf4 e6 4. e3 c5 5. c3 Nc6 6. Nbd2 a6 7. Be2 Bd6 8. Ne5 Qc7 9. Ndf3 h6 10. Nxc6 Bxf4 11. Nce5 Bxe5 12. Nxe5 0-0 13. 0-0 b5 14. Bf3 Bb7 15. Rc1 a5 16. a3 Rac8 17. Qd2 Ne4 18. Qe2 Ba6 19. Bxe4 dxe4 20. Qg4 f5 21. Qh4 Rfd8 22. h3 Re8 23. b4 cxb4 24. cxb4 Qxc1 25. Rxc1 Rxc1+ 26. Kh2 axb4 27. axb4 Rc2 28. Qh5 Re7 29. Qh4 Re8 30. Ng6 Bb7 31. Qg3 Bd5 32. h4 Rb2 33. h5 Rxb4 34. Ne7+ Rxe7 35. Qd6 Rxd4 36. Qxe7 Rd2 37. Qe8+ Kh7 38. Qxb5 Rxf2 39. Kg3 Ra2 40. Kh3 Ra8 41. g4 fxg4+ 42. Kxg4 Rf8 43. Qc5 Rf5 44. Qc8 Rg5+ 45. Kh4 e5 46. Qd7 Bc4 47. Qb7 Bd3 48. Qd5 Rf5 49. Qe6 Rg5 50. Qd5 Bc2 51. Qc6 Bb3 52. Qxe4+ Kh8 53. Qa8+ Bg8 54. Qb7 Be6 55. Qe7 Bc4 56. Qe8+ Kh7 57. Qc6 Bd3 58. Qf3 Bf5 59. Qd5 Rg4+ 0-1

[Event "Madrid-ch Previa-B"]
[Site "Madrid"]
[Date "2018.02.16"]
[Round "6"]
[White "Baeza Escudero, Javier"]
[Black "Cano Mercado, Francisco Manuel"]
[Result "1-0"]
[WhiteElo "1884"]
[BlackElo "1819"]
[PlyCount "49"]
[EventDate "2018.02.01"]
[EventType "swiss"]
[EventRounds "9"]
[EventCountry "ESP"]
[SourceTitle "EXT 2020"]
[Source "ChessBase"]
[SourceDate "2019.10.17"]
[SourceVersion "1"]
[SourceVersionDate "2019.10.17"]
[SourceQuality "1"]

1. e4 e6 2. d4 d5 3. Nd2 dxe4 4. Nxe4 Nf6 5. Bg5 Be7 6. Bxf6 gxf6 7. Nf3 f5 8. Nc3 c6 9. Bc4 Nd7 10. Qe2 Nf6 11. 0-0-0 Nd5 12. Nxd5 cxd5 13. Bd3 Bd7 14. Kb1 Bc6 15. Rhe1 Qb6 16. Ne5 0-0 17. g4 f4 18. g5 f5 19. gxf6 Rxf6 20. Qh5 Kf8 21. c3 Ba3 22. Rd2 Be8 23. Qxh7 Rd8 24. Rg1 Bf7 25. Rg7 1-0

[Event "Madrid San Viator op-A 29th"]
[Site "Madrid"]
[Date "2017.09.24"]
[Round "2"]
[White "Gonzalez Jimenez, Gerardo"]
[Black "Cano Mercado, Francisco Manuel"]
[Result "0-1"]
[WhiteElo "1655"]
[BlackElo "1823"]
[PlyCount "106"]
[EventDate "2017.09.17"]
[EventType "swiss"]
[EventRounds "9"]
[EventCountry "ESP"]
[SourceTitle "EXT 2019"]
[Source "ChessBase"]
[SourceDate "2018.10.10"]
[SourceVersion "1"]
[SourceVersionDate "2018.10.10"]
[SourceQuality "1"]

1. c4 c5 2. Nf3 Nf6 3. g3 Nc6 4. Bg2 g6 5. Nc3 Bg7 6. 0-0 d5 7. cxd5 Nxd5 8. Qa4 0-0 9. Rd1 Nxc3 10. dxc3 Qa5 11. Qxa5 Nxa5 12. Rd5 b6 13. Rd1 Ba6 14. Bf1 Rfd8 15. Nd2 Nc4 16. e3 Nxd2 17. Bxd2 Bb7 18. Bg2 Rab8 19. Be1 Bxg2 20. Kxg2 f5 21. Rac1 Kf7 22. Kf3 e5 23. Ke2 Ke6 24. Rc2 Rxd1 25. Kxd1 Rd8+ 26. Rd2 Rxd2+ 27. Bxd2 Kd5 28. f3 b5 29. b3 h6 30. Ke2 a6 31. Kd3 c4+ 32. Ke2 a5 33. Kd1 Bf8 34. Kc2 g5 35. Bc1 h5 36. Kd1 g4 37. Ke2 gxf3+ 38. Kxf3 cxb3 39. axb3 a4 40. bxa4 bxa4 41. Bd2 Ba3 42. h3 Bb2 43. g4 fxg4+ 44. hxg4 hxg4+ 45. Kxg4 a3 46. Kf5 a2 47. e4+ Kd6 48. c4 a1Q 49. Bb4+ Kc6 50. Ke6 Qa4 51. Be7 Qxc4+ 52. Kf5 Qf7+ 53. Bf6 Bc1 0-1

[Event "Madrid San Viator op-A 28th"]
[Site "Madrid"]
[Date "2017.05.21"]
[Round "7"]
[White "Padin Lazaro, Jose Manuel"]
[Black "Cano Mercado, Francisco Manuel"]
[Result "1/2-1/2"]
[WhiteElo "1914"]
[BlackElo "1799"]
[PlyCount "77"]
[EventDate "2017.03.26"]
[EventType "swiss"]
[EventRounds "9"]
[EventCountry "ESP"]
[SourceTitle "EXT 2018"]
[Source "ChessBase"]
[SourceDate "2017.10.13"]
[SourceVersion "1"]
[SourceVersionDate "2017.10.13"]
[SourceQuality "1"]

1. e4 e6 2. d4 d5 3. Nc3 dxe4 4. Nxe4 Bd7 5. Nf3 Bc6 6. Bd3 Nd7 7. 0-0 Ngf6 8. Qe2 Nxe4 9. Bxe4 Bxe4 10. Qxe4 c6 11. Bf4 Be7 12. Rfe1 0-0 13. Rad1 Nf6 14. Qe2 Re8 15. h3 Qa5 16. a3 Qh5 17. Qc4 Qd5 18. Qd3 Rad8 19. Bc7 Rc8 20. c4 Qh5 21. Bg3 Nd7 22. Ne5 Nxe5 23. Bxe5 Qg6 24. Qb3 b6 25. Re3 Bf6 26. Rg3 Qh6 27. Bxf6 Qxf6 28. Rf3 Qg5 29. Rfd3 Rcd8 30. Qa4 b5 31. cxb5 Qxb5 32. Qxb5 cxb5 33. d5 exd5 34. Rxd5 Rb8 35. Rd7 a5 36. b3 g6 37. Kf1 Rec8 38. R1d3 Rc1+ 39. Rd1 1/2-1/2

[Event "Madrid San Viator op-A 28th"]
[Site "Madrid"]
[Date "2017.04.02"]
[Round "2"]
[White "Criado Jimenez, Jose"]
[Black "Cano Mercado, Francisco Manuel"]
[Result "0-1"]
[WhiteElo "1678"]
[BlackElo "1799"]
[PlyCount "82"]
[EventDate "2017.03.26"]
[EventType "swiss"]
[EventRounds "9"]
[EventCountry "ESP"]
[SourceTitle "EXT 2018"]
[Source "ChessBase"]
[SourceDate "2017.10.13"]
[SourceVersion "1"]
[SourceVersionDate "2017.10.13"]
[SourceQuality "1"]

1. g3 Nf6 2. Bg2 g6 3. e4 d6 4. d3 Bg7 5. Nd2 c6 6. c3 Nbd7 7. Ngf3 Qc7 8. 0-0 0-0 9. d4 e5 10. Re1 Rb8 11. b3 Re8 12. Ba3 b5 13. dxe5 dxe5 14. Nf1 c5 15. Rc1 Bb7 16. N3d2 Rbd8 17. Qe2 a6 18. c4 b4 19. Bb2 Bh6 20. Ne3 Bxe3 21. Qxe3 Nf8 22. f3 Ne6 23. h4 Nd4 24. Kf2 Bc8 25. Qg5 Kg7 26. Rh1 h6 27. Qe3 Nh5 28. Bh3 Bxh3 29. Rxh3 Kh7 30. Nf1 f5 31. exf5 gxf5 32. Rh2 e4 33. f4 Nf6 34. Kg2 Ng4 35. Qe1 Nf3 36. Qe2 Ngxh2 37. Rc2 Nxf1 38. Kxf1 Rd3 39. h5 Red8 40. Bc1 Rd1+ 41. Kf2 Re1 0-1

[Event "Madrid San Viator op-A 26th"]
[Site "Madrid"]
[Date "2016.05.22"]
[Round "7"]
[White "Cano Mercado, Francisco Manuel"]
[Black "Gueler Berdasco, Martin"]
[Result "0-1"]
[WhiteElo "1824"]
[BlackElo "1904"]
[PlyCount "90"]
[EventDate "2016.04.03"]
[EventType "swiss"]
[EventRounds "9"]
[EventCountry "ESP"]
[SourceTitle "EXT 2017"]
[Source "ChessBase"]
[SourceDate "2016.10.25"]
[SourceVersion "1"]
[SourceVersionDate "2016.10.25"]
[SourceQuality "1"]

1. e4 c5 2. Nc3 a6 3. Nf3 b5 4. d4 cxd4 5. Nxd4 d6 6. Bd3 Nf6 7. 0-0 e5 8. Nde2 Be7 9. Ng3 0-0 10. h3 Be6 11. Nd5 Bxd5 12. exd5 g6 13. Bh6 Re8 14. a4 b4 15. Qd2 a5 16. Rae1 Nbd7 17. Bb5 Rc8 18. c4 bxc3 19. bxc3 Bf8 20. Bg5 Be7 21. Bxf6 Bxf6 22. Ne4 Be7 23. c4 f5 24. Nc3 Bg5 25. Qd3 Rf8 26. Bxd7 Qxd7 27. Nb5 Bd8 28. Rc1 Bb6 29. Kh1 Bc5 30. f3 Rf6 31. Rfe1 g5 32. Re2 h5 33. Qd2 f4 34. Qd3 Kh8 35. Nc3 Be3 36. Rb1 g4 37. Ne4 Rh6 38. h4 gxf3 39. gxf3 Qh3+ 40. Rh2 Qxf3+ 41. Rg2 Qh3+ 42. Rh2 Qf5 43. Rb7 Rg8 44. Nf2 Qxd3 45. Nxd3 Rg1# 0-1

[Event "Madrid San Viator op-A 26th"]
[Site "Madrid"]
[Date "2016.04.17"]
[Round "3"]
[White "Cano Mercado, Francisco Manuel"]
[Black "Juzgado Niella, Angel Luis"]
[Result "1-0"]
[WhiteElo "1824"]
[BlackElo "1566"]
[PlyCount "103"]
[EventDate "2016.04.03"]
[EventType "swiss"]
[EventRounds "9"]
[EventCountry "ESP"]
[SourceTitle "EXT 2017"]
[Source "ChessBase"]
[SourceDate "2016.10.25"]
[SourceVersion "1"]
[SourceVersionDate "2016.10.25"]
[SourceQuality "1"]

1. e4 e5 2. Nf3 Nc6 3. Bb5 Nd4 4. Nxd4 exd4 5. 0-0 c6 6. Ba4 Nf6 7. d3 h6 8. a3 Bc5 9. b4 Bb6 10. Bb2 d6 11. h3 0-0 12. f4 Bd7 13. Nd2 c5 14. Bb3 Bc6 15. Nc4 Bc7 16. a4 a6 17. bxc5 dxc5 18. a5 Bb5 19. Qd2 Qd7 20. Ba3 Qc6 21. Ne5 Bxe5 22. fxe5 Nh7 23. Bd5 Qc7 24. Rf2 Ng5 25. Raf1 Ne6 26. Qe2 Rab8 27. Bc1 Qxe5 28. Rf5 Qg3 29. Bxe6 fxe6 30. Bf4 Qg6 31. Rxc5 Rbc8 32. Rxc8 Rxc8 33. Be5 Rd8 34. Qf2 Bd7 35. Qxd4 Qg5 36. Bc7 Rc8 37. Qxd7 Qc5+ 38. d4 Qxc7 39. Qxe6+ Kh8 40. Rf2 Rd8 41. Qe5 Qd7 42. d5 Re8 43. Qd4 Qc7 44. d6 Qxa5 45. d7 Rd8 46. e5 Kg8 47. Qc4+ Kh8 48. e6 Qe1+ 49. Rf1 Qe3+ 50. Kh1 b5 51. Qc7 Qg5 52. Qd6 1-0

[Event "Madrid San Viator op-A 26th"]
[Site "Madrid"]
[Date "2016.04.03"]
[Round "1"]
[White "Cano Mercado, Francisco Manuel"]
[Black "Montes Gutierrez, Ignacio"]
[Result "0-1"]
[WhiteElo "1824"]
[BlackElo "2272"]
[PlyCount "82"]
[EventDate "2016.04.03"]
[EventType "swiss"]
[EventRounds "9"]
[EventCountry "ESP"]
[SourceTitle "EXT 2017"]
[Source "ChessBase"]
[SourceDate "2016.10.25"]
[SourceVersion "1"]
[SourceVersionDate "2016.10.25"]
[SourceQuality "1"]

1. e4 c5 2. Nf3 Nc6 3. d4 cxd4 4. Nxd4 Nf6 5. Nc3 d6 6. Bg5 e6 7. Qd2 a6 8. Be2 Bd7 9. 0-0 h6 10. Be3 Ne5 11. f3 b5 12. a3 Rb8 13. b3 Qc7 14. Bd3 Be7 15. Nce2 d5 16. exd5 Nxd5 17. Bf2 Bg5 18. f4 Ng4 19. Bg3 Bf6 20. Kh1 Qa7 21. Be4 Rd8 22. Bxd5 exd5 23. h3 h5 24. Rad1 Nh6 25. Nf3 0-0 26. Ne5 h4 27. Bf2 Qc7 28. Nxd7 Rxd7 29. Bd4 Be7 30. Be5 Qb7 31. b4 Nf5 32. Qd3 g6 33. Qf3 Re8 34. Rfe1 Bd8 35. Bd4 Rde7 36. Rd2 Re4 37. c3 Bc7 38. Kg1 Bxf4 39. Nxf4 Rxe1+ 40. Kf2 Ng3 41. Qxd5 Rf1# 0-1

[Event "Madrid-ch sf-A"]
[Site "Madrid"]
[Date "2016.03.30"]
[Round "9"]
[White "Lozano Sanchez, Jose Antonio"]
[Black "Cano Mercado, Francisco Manuel"]
[Result "1/2-1/2"]
[WhiteElo "1886"]
[BlackElo "1837"]
[PlyCount "147"]
[EventDate "2016.03.07"]
[EventType "swiss"]
[EventRounds "9"]
[EventCountry "ESP"]
[SourceTitle "EXT 2017"]
[Source "ChessBase"]
[SourceDate "2016.10.25"]
[SourceVersion "1"]
[SourceVersionDate "2016.10.25"]
[SourceQuality "1"]

1. e4 e6 2. Nf3 d5 3. exd5 exd5 4. d4 Nf6 5. Bf4 Be7 6. Bd3 Bg4 7. Nbd2 Nbd7 8. c3 0-0 9. 0-0 c5 10. dxc5 Nxc5 11. Be2 Bf5 12. Nd4 Bg6 13. N2f3 Nh5 14. Be3 Nf6 15. Ne5 Bd6 16. Nxg6 hxg6 17. Nb3 Ne6 18. Nd4 Nf4 19. Bf3 Ne4 20. Qb3 Ng5 21. Rfd1 Qf6 22. Bxd5 Qe5 23. Bxf4 Qxf4 24. g3 Qg4 25. Bg2 Bc5 26. Rd3 Rad8 27. Qd1 Qc8 28. Qd2 Nh7 29. Rd1 Nf6 30. Nb3 Rxd3 31. Qxd3 Bb6 32. Qf3 Rd8 33. Rxd8+ Qxd8 34. Qe2 Qd7 35. Qd2 Qa4 36. Nc1 Ng4 37. Nd3 Qxa2 38. Bxb7 Qb1+ 39. Kg2 Nf6 40. h3 Qa2 41. Nb4 Qc4 42. Bf3 Qc5 43. Nd5 Nxd5 44. Bxd5 Qe7 45. b4 Qe5 46. c4 Bd4 47. Qf4 Qxf4 48. gxf4 Bc3 49. b5 Bd4 50. Kf3 Kf8 51. Ke2 Ke7 52. f3 f6 53. Kd3 Bc5 54. Kc3 Kd6 55. Bf7 Be3 56. Bxg6 Bxf4 57. Kd4 Be5+ 58. Ke4 Kc5 59. Bf7 g5 60. Kf5 Kb6 61. Ke6 Bd4 62. Kd5 Be5 63. Be8 Bc3 64. c5+ Kc7 65. Ke6 Bd4 66. Kd5 Bc3 67. Bg6 Bb2 68. Bd3 Bc3 69. Ke6 Bd4 70. c6 Bc3 71. Kf5 Bd4 72. f4 Be3 73. Kxf6 Bxf4 74. Kf5 1/2-1/2

[Event "Madrid-ch sf"]
[Site "Madrid"]
[Date "2016.02.15"]
[Round "4"]
[White "Cano Mercado, Francisco Manuel"]
[Black "Lizon Martinez, Santiago"]
[Result "1/2-1/2"]
[WhiteElo "1827"]
[BlackElo "1681"]
[PlyCount "77"]
[EventDate "2016.02.08"]
[EventType "swiss"]
[EventRounds "9"]
[EventCountry "ESP"]
[SourceTitle "CBM 171 Extra"]
[Source "ChessBase"]
[SourceDate "2016.04.26"]
[SourceVersion "1"]
[SourceVersionDate "2016.04.26"]
[SourceQuality "1"]

1. Nf3 c5 2. c4 Nf6 3. Nc3 d6 4. d4 cxd4 5. Nxd4 a6 6. e4 Nbd7 7. Be3 e6 8. Be2 Be7 9. 0-0 0-0 10. f4 Qc7 11. Rc1 b6 12. Bf3 Bb7 13. Qe2 Rfe8 14. Bf2 Rac8 15. g4 Nf8 16. b3 e5 17. fxe5 dxe5 18. Nf5 Ng6 19. Nxe7+ Rxe7 20. Qe3 Qd7 21. h3 Nf4 22. Kh2 h5 23. Rcd1 Qe6 24. Rg1 hxg4 25. Bxg4 Nxg4+ 26. Rxg4 f5 27. Rh4 fxe4 28. Qxb6 Rc6 29. Qd8+ Kf7 30. Be3 Rc8 31. Qd2 g5 32. Rh7+ Kg6 33. Rxe7 Qxh3+ 34. Kg1 Qg3+ 35. Kf1 Qf3+ 36. Qf2 Qh1+ 37. Qg1 Qf3+ 38. Qf2 Qh1+ 39. Qg1 1/2-1/2

[Event "Madrid-ch sf"]
[Site "Madrid"]
[Date "2016.02.08"]
[Round "1"]
[White "Lopez Ziegler, Juan Jose"]
[Black "Cano Mercado, Francisco Manuel"]
[Result "1-0"]
[WhiteElo "1574"]
[BlackElo "1827"]
[PlyCount "109"]
[EventDate "2016.02.08"]
[EventType "swiss"]
[EventRounds "9"]
[EventCountry "ESP"]
[SourceTitle "CBM 171 Extra"]
[Source "ChessBase"]
[SourceDate "2016.04.26"]
[SourceVersion "1"]
[SourceVersionDate "2016.04.26"]
[SourceQuality "1"]

1. d4 Nf6 2. Nf3 g6 3. Bf4 Bg7 4. e3 c5 5. Nbd2 0-0 6. Be2 b6 7. 0-0 Bb7 8. c3 d6 9. Re1 Nbd7 10. h3 Re8 11. Nc4 Ne4 12. Qc2 Rc8 13. Rad1 cxd4 14. exd4 Qc7 15. Bh2 b5 16. Ncd2 Nxd2 17. Qxd2 a6 18. Rc1 Nf6 19. Bf4 Bd5 20. a3 Qb7 21. Qe3 Rc7 22. Nh4 Ne4 23. Bf3 f5 24. g4 e5 25. dxe5 dxe5 26. Bxe4 Bxe4 27. Bg5 Rf7 28. gxf5 gxf5 29. f3 Bd5 30. Rcd1 f4 31. Qd3 Bc4 32. Qd6 Re6 33. Qd8+ Rf8 34. Qd7 Qb6+ 35. Kg2 h6 36. Bd8 Rg6+ 37. Nxg6 Qxg6+ 38. Qg4 Qc2+ 39. Kg1 Bf7 40. Bf6 Bg6 41. Bxg7 Kxg7 42. Qd7+ Rf7 43. Qe6 Bf5 44. Qxe5+ Kh7 45. Qe2 Rg7+ 46. Kh2 Qb3 47. Rg1 Qf7 48. Rxg7+ Kxg7 49. Qe5+ Kh7 50. Qxf4 Qe6 51. Rd2 Bg6 52. Qc7+ Bf7 53. Rg2 Qf6 54. f4 Qe6 55. Qe5 1-0

[Event "Madrid San Viator op 24th"]
[Site "Madrid"]
[Date "2015.05.10"]
[Round "6"]
[White "Cabanas Bravo, Juan Andres"]
[Black "Cano Mercado, Francisco Manuel"]
[Result "1/2-1/2"]
[WhiteElo "2054"]
[BlackElo "1873"]
[PlyCount "64"]
[EventDate "2015.03.22"]
[EventType "swiss"]
[EventRounds "9"]
[EventCountry "ESP"]
[SourceTitle "EXT 2016"]
[Source "ChessBase"]
[SourceDate "2015.10.08"]
[SourceVersion "1"]
[SourceVersionDate "2015.10.08"]
[SourceQuality "1"]

1. e4 e6 2. Nf3 d5 3. Nc3 Nf6 4. e5 Nfd7 5. d4 c5 6. dxc5 Nc6 7. Bf4 Bxc5 8. Bd3 f6 9. Nh4 Ndxe5 10. Qh5+ Nf7 11. Bxh7 Ne7 12. Ng6 Nxg6 13. Qxg6 Kf8 14. h4 Ne5 15. Bxe5 fxe5 16. Rh3 e4 17. 0-0-0 Qf6 18. h5 Qxg6 19. Bxg6 Ke7 20. f3 e3 21. f4 Bd7 22. f5 Bc6 23. fxe6 Kxe6 24. g4 Ke5 25. Rf3 Rhf8 26. Rdf1 Rxf3 27. Rxf3 Rf8 28. Rf5+ Rxf5 29. Bxf5 d4 30. Ne2 Bf3 31. Kd1 Be7 32. Ke1 Bh4+ 1/2-1/2

[Event "Madrid San Viator op 24th"]
[Site "Madrid"]
[Date "2015.04.12"]
[Round "3"]
[White "Cano Mercado, Francisco Manuel"]
[Black "Fernandez Lledo, Javier"]
[Result "1/2-1/2"]
[WhiteElo "1873"]
[BlackElo "2256"]
[PlyCount "102"]
[EventDate "2015.03.22"]
[EventType "swiss"]
[EventRounds "9"]
[EventCountry "ESP"]
[SourceTitle "EXT 2016"]
[Source "ChessBase"]
[SourceDate "2015.10.08"]
[SourceVersion "1"]
[SourceVersionDate "2015.10.08"]
[SourceQuality "1"]

1. e4 d6 2. d4 Nf6 3. Nc3 e5 4. dxe5 dxe5 5. Qxd8+ Kxd8 6. Bg5 Be6 7. Nf3 Nbd7 8. 0-0-0 Bd6 9. Bb5 Kc8 10. h3 a6 11. Bxd7+ Nxd7 12. Be3 f6 13. Nd2 b6 14. Nb3 Kb7 15. Nd5 a5 16. Kb1 Rhd8 17. f3 c6 18. Nc3 Be7 19. Na4 Kc7 20. Rxd7+ Kxd7 21. Nxb6+ Kc7 22. Nxa8+ Rxa8 23. Rd1 a4 24. Nc5 Bxc5 25. Bxc5 Bc4 26. b3 Bf7 27. Kb2 Bg8 28. g3 axb3 29. cxb3 Bf7 30. a4 Bg8 31. Kc3 Bf7 32. Ra1 Be6 33. a5 Kb7 34. b4 Ka6 35. Rd1 Kb5 36. Rd6 Re8 37. h4 h5 38. a6 Kxa6 39. Rxc6+ Kb7 40. Rb6+ Kc7 41. Ra6 Bc8 42. Ra8 Kc6 43. Ra7 Bb7 44. Kc4 g5 45. hxg5 fxg5 46. Ra1 Ra8 47. Rxa8 Bxa8 48. b5+ Kd7 49. Be3 g4 50. fxg4 hxg4 51. Kd3 Kd6 1/2-1/2

[Event "Madrid San Viator op 24th"]
[Site "Madrid"]
[Date "2015.03.29"]
[Round "2"]
[White "Aguado Solana, Juan"]
[Black "Cano Mercado, Francisco Manuel"]
[Result "0-1"]
[WhiteElo "2090"]
[BlackElo "1873"]
[PlyCount "50"]
[EventDate "2015.03.22"]
[EventType "swiss"]
[EventRounds "9"]
[EventCountry "ESP"]
[SourceTitle "EXT 2016"]
[Source "ChessBase"]
[SourceDate "2015.10.08"]
[SourceVersion "1"]
[SourceVersionDate "2015.10.08"]
[SourceQuality "1"]

1. d4 Nf6 2. c4 e6 3. Nf3 d5 4. cxd5 exd5 5. Nc3 Be7 6. Bg5 c6 7. e3 0-0 8. Bd3 h6 9. Bxf6 Bxf6 10. Qc2 Re8 11. 0-0 Bg4 12. b4 Bxf3 13. gxf3 Qd6 14. b5 a6 15. a4 axb5 16. axb5 Nd7 17. Qb3 Be7 18. Bf5 Nf8 19. Ne2 Qf6 20. Bh3 Qxf3 21. Ng3 Ng6 22. Rxa8 Rxa8 23. bxc6 Nf4 24. exf4 Qxb3 25. c7 Qc4 0-1

[Event "Madrid-ch"]
[Site "Madrid"]
[Date "2015.02.10"]
[Round "5"]
[White "Lopez Heras, Arturo"]
[Black "Cano Mercado, Francisco Manuel"]
[Result "0-1"]
[WhiteElo "1866"]
[BlackElo "1886"]
[PlyCount "144"]
[EventDate "2015.02.02"]
[EventType "swiss"]
[EventRounds "9"]
[EventCountry "ESP"]
[SourceTitle "CBM 164 Extra"]
[Source "ChessBase"]
[SourceDate "2015.03.02"]
[SourceVersion "1"]
[SourceVersionDate "2015.03.02"]
[SourceQuality "1"]

1. d4 Nf6 2. c4 e6 3. e3 d5 4. Bd3 dxc4 5. Bxc4 Nbd7 6. Nf3 Be7 7. 0-0 0-0 8. Nc3 a6 9. a3 b5 10. Bd3 Bb7 11. e4 c5 12. e5 Nd5 13. Re1 cxd4 14. Ne4 h6 15. Ng3 Nc5 16. Bb1 d3 17. Qd2 a5 18. Ne4 Nxe4 19. Rxe4 Nc3 20. Rg4 Ne2+ 21. Kf1 Bxf3 22. gxf3 Bg5 23. f4 Nxc1 24. Qxc1 d2 25. Qd1 Be7 26. Be4 Rc8 27. Rg3 Qd4 28. Bf3 Qxf4 29. Rg4 Qxe5 30. Qxd2 Bg5 31. Qe2 Qxh2 32. Bg2 Qb8 33. Qe4 Rc4 34. Qe2 Rxg4 35. Qxg4 Rc8 36. Qe2 Qb6 37. Rd1 Qc5 38. Be4 Qc4 39. Bd3 Qh4 40. Be4 Qf4 41. Kg2 Rc4 42. Bf3 g6 43. Rd7 Rc7 44. Qxb5 Rxd7 45. Qxd7 Qe5 46. b4 axb4 47. axb4 Bf4 48. b5 Qd6 49. Qb7 Qc7 50. Qa6 Kg7 51. b6 Qd6 52. Qa7 h5 53. b7 Qd8 54. Qa1+ Kg8 55. Qa8 Bb8 56. Qa4 Qc7 57. Qh4 Kg7 58. Qd4+ Qe5 59. Qd8 Qh2+ 60. Kf1 Qh3+ 61. Ke2 Qh2 62. Kf1 Qc7 63. Qd4+ e5 64. Qd5 h4 65. Kg2 Qe7 66. Qc4 f5 67. Qc8 Qc7 68. Bd5 e4 69. Qg8+ Kh6 70. Bf7 Qd6 71. Kf1 Qd3+ 72. Kg2 h3+ 0-1